| 000 | 00428nam a2200181 a 4500 | ||
|---|---|---|---|
| 001 | BRCA_5686 | ||
| 005 | 20190320205159.0 | ||
| 008 | 020311s1910----gw-#######---#000-0#ger-# | ||
| 041 | _ager | ||
| 044 | _agw | ||
| 050 | 4 |
_aPD245 _b.T46 1910 |
|
| 100 | 1 |
_aThomas, Ludwig _914446 |
|
| 245 | 1 | 0 |
_aUndreas Döft _cLudwig Thomas. |
| 260 |
_aMúnich _bUlbert Langen _c1910 _c18 cm. |
||
| 500 | _aH7 | ||
| 902 | _aGFM | ||
| 942 |
_2lcc _cB |
||
| 999 |
_c5379 _d5379 |
||